[Event "ROM-ch blitz (Women)"]
[Site "Bucharest"]
[Date "2022.03.13"]
[Round "2"]
[White "Mihalea, Maria Ioana"]
[Black "Lehaci, Miruna Daria"]
[Result "0-1"]
[WhiteElo "1247"]
[BlackElo "1807"]
[PlyCount "168"]
[EventDate "2022.03.13"]
[EventType "swiss (blitz)"]
[EventRounds "9"]
[EventCountry "ROU"]
[SourceTitle "EXT 2023"]
[Source "ChessBase"]
[SourceDate "2022.10.05"]
[SourceVersion "1"]
[SourceVersionDate "2022.10.05"]
[SourceQuality "1"]

1. e4 c5 2. Nc3 Nc6 3. f4 d6 4. Nf3 g6 5. Bc4 e6 6. d3 Bg7 7. 0-0 Nge7 8. h3 a6 9. a4 0-0 10. g4 d5 11. exd5 exd5 12. Bb3 Nd4 13. Nxd4 Bxd4+ 14. Kh2 Rb8 15. Qf3 b5 16. axb5 axb5 17. Nxd5 Bb7 18. Nxe7+ Qxe7 19. Bd5 Bxd5 20. Qxd5 Rfe8 21. c3 Bf6 22. Kg1 Rbd8 23. Qf3 Qd6 24. Ra5 Qb6 25. Ra1 Rxd3 26. Qg2 c4+ 27. Kh1 Qd6 28. Ra8 Rxa8 29. Qxa8+ Kg7 30. Qe4 Rxh3+ 31. Kg2 Rd3 32. Be3 Be7 33. Bd4+ Bf6 34. Be3 Qd5 35. Qxd5 Rxd5 36. g5 Be7 37. Re1 Bc5 38. Bxc5 Rxc5 39. Re7 Rd5 40. Rb7 Rd2+ 41. Kf3 Rxb2 42. Ke4 Rb3 43. Kd4 b4 44. Kxc4 Rxc3+ 45. Kxb4 Rf3 46. Kc5 Rxf4 47. Kd6 Rf5 48. Rb1 Rxg5 49. Rf1 Rf5 50. Rg1 h5 51. Ke7 h4 52. Rh1 g5 53. Kd6 Kg6 54. Ke7 Rf4 55. Kd6 f6 56. Ke6 Kh5 57. Kd5 g4 58. Ke6 Kg5 59. Kf7 h3 60. Kg7 Ra4 61. Rc1 Ra7+ 62. Kf8 g3 63. Rc5+ Kg4 64. Rc4+ Kg5 65. Rc5+ f5 66. Rc3 f4 67. Rc5+ Kg4 68. Rc6 g2 69. Rg6+ Kf3 70. Rh6 Ra8+ 71. Ke7 g1Q 72. Rxh3+ Kf2 73. Rb3 Qg7+ 74. Kd6 Ra6+ 75. Kc5 Qe5+ 76. Kc4 Ra4+ 77. Rb4 Rxb4+ 78. Kxb4 Qd4+ 79. Kb3 Qc5 80. Ka4 Qb6 81. Ka3 Ke3 82. Ka4 Kd4 83. Ka3 Kc3 84. Ka4 Qb4# 0-1

[Event "EU-ch Hybrid U14 Girls"]
[Site "Tornelo INT"]
[Date "2021.10.15"]
[Round "8"]
[White "Nordquelle, Amelia"]
[Black "Mihalea, Maria Ioana"]
[Result "1-0"]
[WhiteElo "1749"]
[BlackElo "1421"]
[PlyCount "117"]
[EventDate "2021.10.15"]
[EventType "swiss"]
[EventRounds "9"]
[EventCountry "NET"]
[SourceTitle "EXT 2023"]
[Source "ChessBase"]
[SourceDate "2022.10.05"]
[SourceVersion "1"]
[SourceVersionDate "2022.10.05"]
[SourceQuality "1"]
[WhiteTeam "Norway"]
[BlackTeam "Romania"]
[WhiteTeamCountry "NOR"]
[BlackTeamCountry "ROU"]

1. d4 d5 2. c4 c6 3. Nf3 Nf6 4. Nc3 e6 5. e3 Nbd7 6. Qc2 Bd6 7. Bd3 dxc4 8. Bxc4 0-0 9. a4 e5 10. 0-0 Qc7 11. a5 h6 12. h3 b5 13. axb6 Nxb6 14. Bd3 Bb7 15. Ne4 Nxe4 16. Bxe4 exd4 17. Nxd4 a6 18. Bd2 c5 19. Nf5 Bxe4 20. Qxe4 Rfe8 21. Qg4 Be5 22. Bc3 Re6 23. Rfd1 Bxc3 24. bxc3 Qe5 25. c4 Rg6 26. Qf4 Qxf4 27. exf4 Kf8 28. Ne3 Re6 29. Ra5 Rc6 30. Rda1 Nc8 31. Kf1 Nd6 32. Ke2 Ke7 33. g4 Ke6 34. Kd3 Nb7 35. R5a3 a5 36. Nd5 Kd7 37. Rb1 Ra7 38. f5 Nd6 39. f4 Rca6 40. Ra4 Kc6 41. Rb8 Rb7 42. Rxb7 Kxb7 43. Nc3 Kc6 44. Ne4 Nxe4 45. Kxe4 Ra7 46. f6 g5 47. fxg5 hxg5 48. Kf5 Ra8 49. Kxg5 Rg8+ 50. Kf4 Kb6 51. g5 Rh8 52. Kg4 Rf8 53. h4 Rd8 54. h5 Rd4+ 55. Kf5 Rd1 56. g6 Rf1+ 57. Kg5 Rg1+ 58. Kh6 fxg6 59. hxg6 1-0

[Event "EU-ch Hybrid U14 Girls"]
[Site "Tornelo INT"]
[Date "2021.10.15"]
[Round "4"]
[White "Putar, Lara"]
[Black "Mihalea, Maria Ioana"]
[Result "1-0"]
[WhiteElo "1896"]
[BlackElo "1421"]
[PlyCount "133"]
[EventDate "2021.10.15"]
[EventType "swiss"]
[EventRounds "9"]
[EventCountry "NET"]
[SourceTitle "EXT 2023"]
[Source "ChessBase"]
[SourceDate "2022.10.05"]
[SourceVersion "1"]
[SourceVersionDate "2022.10.05"]
[SourceQuality "1"]
[WhiteTeam "Irland"]
[BlackTeam "Romania"]
[WhiteTeamCountry "IRL"]
[BlackTeamCountry "ROU"]

1. d4 d5 2. c4 c6 3. g3 Nf6 4. Bg2 e6 5. Nc3 Bd6 6. Nf3 Nbd7 7. 0-0 0-0 8. Qc2 h6 9. b3 e5 10. cxd5 cxd5 11. Nb5 Bb8 12. dxe5 Nxe5 13. Bb2 Re8 14. Rfd1 Qb6 15. a4 a6 16. Nxe5 Bxe5 17. Bxe5 Rxe5 18. Nc7 Rb8 19. Nxd5 Nxd5 20. Bxd5 Bf5 21. Qc4 Bg6 22. a5 Qf6 23. Ra2 Qe7 24. Rad2 Re8 25. e3 Bf5 26. Qd4 Qc7 27. Qb4 Bg6 28. Rd4 R5e7 29. Rc4 Qe5 30. Rc5 Qb2 31. Rdc1 Kh7 32. Rc7 Re5 33. Qxb7 Qd2 34. R7c5 Rd8 35. e4 Qd3 36. R5c3 Qe2 37. Qc7 Rde8 38. Qc4 Qxc4 39. Rxc4 Bxe4 40. Bxe4+ Rxe4 41. Rxe4 Rxe4 42. Rc6 Re1+ 43. Kg2 Rb1 44. Rb6 Rb2 45. b4 f6 46. Kf3 Kg6 47. Ke4 Kg5 48. b5 axb5 49. a6 Ra2 50. Rxb5+ Kg4 51. Rb6 Kh3 52. Kd5 Kxh2 53. Kc6 Kg2 54. Kb7 Kxf2 55. a7 Kxg3 56. Ra6 Rb2+ 57. Kc7 Rc2+ 58. Kd7 Rd2+ 59. Ke7 Re2+ 60. Kf7 g5 61. a8Q h5 62. Ra3+ Kf2 63. Qf3+ Ke1 64. Ra1+ Kd2 65. Ra2+ Kc1 66. Qxe2 h4 67. Qc2# 1-0

[Event "ROM-ch U12 Girls"]
[Site "Calimanesti Caciulata"]
[Date "2019.04.16"]
[Round "?.6"]
[White "Mihalea, Maria Ioana"]
[Black "Barbu, Timea Alexandra"]
[Result "1-0"]
[WhiteElo "1347"]
[BlackElo "1177"]
[PlyCount "57"]
[EventDate "2019.04.15"]
[EventType "swiss"]
[EventRounds "9"]
[EventCountry "ROU"]
[SourceTitle "EXT 2024"]
[Source "ChessBase"]
[SourceDate "2023.10.10"]
[SourceVersion "1"]
[SourceVersionDate "2023.10.10"]
[SourceQuality "1"]

1. e4 c5 2. Nf3 d6 3. Nc3 Nc6 4. d3 g6 5. Be2 Bg7 6. 0-0 Nf6 7. h3 0-0 8. Bg5 Bd7 9. Qd2 Re8 10. Rfe1 Qc7 11. Bf4 e5 12. Bg5 Ne7 13. Nh2 Be6 14. Bf3 a6 15. a4 Qc6 16. Nf1 Rad8 17. Ne3 h6 18. Bxf6 Bxf6 19. Ng4 Bg5 20. Nxh6+ Bxh6 21. Qxh6 c4 22. Rac1 Rc8 23. Bg4 Bxg4 24. hxg4 Qc5 25. Re3 Qb4 26. Rh3 f6 27. Nd5 Nxd5 28. Qxg6+ Kf8 29. exd5 1-0

[Event "ROM-ch U12 Girls"]
[Site "Calimanesti"]
[Date "2018.04.03"]
[Round "9"]
[White "Chicarosie, Ioana Bianca"]
[Black "Mihalea, Maria Ioana"]
[Result "1-0"]
[WhiteElo "1423"]
[BlackElo "1370"]
[PlyCount "66"]
[EventDate "2018.03.27"]
[EventType "swiss"]
[EventRounds "9"]
[EventCountry "ROU"]
[SourceTitle "CBM 183 Extra"]
[Source "ChessBase"]
[SourceDate "2018.04.19"]
[SourceVersion "1"]
[SourceVersionDate "2018.04.19"]
[SourceQuality "1"]

1. d4 d5 2. Nf3 Nf6 3. e3 e6 4. Bd3 Bd6 5. 0-0 0-0 6. Nbd2 c5 7. c3 Nc6 8. dxc5 Bxc5 9. e4 Qc7 10. exd5 Nxd5 11. Qc2 h6 12. Ne4 Be7 13. Rd1 Ne5 14. Nxe5 Qxe5 15. Bd2 Nf6 16. Nxf6+ Qxf6 17. Be3 b6 18. Be4 Rb8 19. Rd2 Rd8 20. Rad1 e5 21. Qa4 Bb7 22. Rxd8+ Rxd8 23. Rxd8+ Bf8 24. Rxf8+ Kxf8 25. Bxb7 Qd8 26. Bf3 Qd3 27. Qd1 Qxd1+ 28. Bxd1 Ke7 29. Kf1 Kd6 30. Ke2 f6 31. Kd3 Ke6 32. Bb3+ Kf5 33. f3 g5 1-0

[Event "ROM-ch U12 Girls"]
[Site "Calimanesti"]
[Date "2018.04.01"]
[Round "7"]
[White "Spiridon, Anisia"]
[Black "Mihalea, Maria Ioana"]
[Result "1-0"]
[WhiteElo "1427"]
[BlackElo "1370"]
[PlyCount "40"]
[EventDate "2018.03.27"]
[EventType "swiss"]
[EventRounds "9"]
[EventCountry "ROU"]
[SourceTitle "CBM 183 Extra"]
[Source "ChessBase"]
[SourceDate "2018.04.19"]
[SourceVersion "1"]
[SourceVersionDate "2018.04.19"]
[SourceQuality "1"]

1. d4 d5 2. c4 c6 3. cxd5 cxd5 4. Nc3 Nf6 5. Nf3 Nc6 6. Bf4 e6 7. e3 Be7 8. Be2 0-0 9. 0-0 Bd7 10. Qd2 Nh5 11. Be5 Nf6 12. Bf4 Bb4 13. Qd3 Rc8 14. Rac1 Ba5 15. Qb1 Bc7 16. Bxc7 Rxc7 17. Ne5 Qe7 18. Nb5 Rcc8 19. Nxc6 Rxc6 20. Rxc6 bxc6 1-0

[Event "ROM-ch U12 Girls"]
[Site "Calimanesti"]
[Date "2018.03.29"]
[Round "4"]
[White "Mihalea, Maria Ioana"]
[Black "Fileru, Maria"]
[Result "0-1"]
[WhiteElo "1370"]
[BlackElo "1492"]
[PlyCount "120"]
[EventDate "2018.03.27"]
[EventType "swiss"]
[EventRounds "9"]
[EventCountry "ROU"]
[SourceTitle "CBM 183 Extra"]
[Source "ChessBase"]
[SourceDate "2018.04.19"]
[SourceVersion "1"]
[SourceVersionDate "2018.04.19"]
[SourceQuality "1"]

1. e4 e5 2. Nf3 Nc6 3. Bc4 Bc5 4. c3 Nf6 5. d3 a6 6. h3 h6 7. 0-0 Ba7 8. Nbd2 0-0 9. Re1 d6 10. Bb3 Ne7 11. Nf1 Ng6 12. Ng3 Re8 13. Be3 Bxe3 14. Rxe3 d5 15. Re1 c6 16. Nf5 dxe4 17. dxe4 Nxe4 18. Nxh6+ gxh6 19. Rxe4 Bf5 20. Re1 Qc7 21. Qd2 Kg7 22. Qe3 Rad8 23. Rad1 f6 24. Rxd8 Rxd8 25. Rd1 Rxd1+ 26. Bxd1 Qd8 27. Qd2 Qxd2 28. Nxd2 Bd3 29. Nb3 b6 30. Bg4 f5 31. Bd1 Kf6 32. Nc1 Bc4 33. b3 Be6 34. Nd3 a5 35. Nb2 b5 36. Nd3 e4 37. Nc5 Bc8 38. f3 e3 39. g3 f4 40. g4 Ne5 41. Kg2 Ke7 42. Ne4 Nd3 43. a4 Be6 44. g5 hxg5 45. Nxg5 Bxb3 46. Be2 Nc1 47. Bxb5 cxb5 48. axb5 a4 49. b6 Kd7 50. h4 a3 51. h5 Bg8 52. h6 a2 53. Ne6 a1Q 54. b7 Qb2+ 55. Kh3 Bxe6+ 56. Kh4 Qh2+ 57. Kg5 Qg3+ 58. Kf6 Qh4+ 59. Kg7 Qg5+ 60. Kf8 Qg8# 0-1

[Event "ROM-ch U10 Girls"]
[Site "Baile Felix"]
[Date "2017.02.02"]
[Round "1"]
[White "Pandelescu, Maria Catalina"]
[Black "Mihalea, Maria Ioana"]
[Result "0-1"]
[WhiteElo "1068"]
[BlackElo "1279"]
[PlyCount "76"]
[EventDate "2017.02.02"]
[EventType "swiss"]
[EventRounds "9"]
[EventCountry "ROU"]
[SourceTitle "CBM 176 Extra"]
[Source "ChessBase"]
[SourceDate "2017.03.02"]
[SourceVersion "1"]
[SourceVersionDate "2017.03.02"]
[SourceQuality "1"]

1. e4 e5 2. Nf3 Nc6 3. Bc4 Be7 4. c3 Nf6 5. d3 d6 6. Nbd2 Be6 7. 0-0 0-0 8. h3 d5 9. Bb3 dxe4 10. dxe4 Qd7 11. Re1 Rad8 12. Ba4 Bd6 13. Nc4 Bxc4 14. Bg5 Be7 15. Qxd7 Nxd7 16. Bxe7 Nxe7 17. Rad1 c6 18. b3 Ba6 19. c4 b5 20. cxb5 cxb5 21. Rd2 Nf6 22. b4 Rxd2 23. Nxd2 bxa4 24. f3 Rd8 25. Nb1 Nc6 26. a3 Rd3 27. Re2 Rd1+ 28. Kf2 Bxe2 29. Kxe2 Rxb1 30. g4 Nxb4 31. axb4 Rxb4 32. Kd2 a3 33. Kc3 Rb6 34. Kc2 a2 35. Kc3 a1Q+ 36. Kc2 Qa3 37. Kd2 Rb2+ 38. Ke1 Qa1# 0-1